000 00595nam a22001817a 4500
010 _aENG-120425
020 _c370.00
_a9789382459040
035 _aEN-103957
037 _bDBAD/PUB
082 _a004
100 _aVijayabharathi,Meena
245 _aFundamentals of computing and programming /
_cby Meena Vijayabharathi
260 _aNagercoil
_bSaras Publication
_c2013
270 _a114/35G A.R.P .camp Road,Periavilai, Kottar,
_bNagercoil (Distt.Kanyakumari)
_e629002
300 _axvi,738p.
_c24cm(pbk)
_bill.
500 _aIncludes index
942 _2ddc
_cEN
_h004
_mVIJ
999 _c145032
_d145032